Statistics for Country Pairs: Canada and...

Click here to take the quiz!

General Stats

  • This quiz has been taken 26 times
  • The average score is 8 of 15

Answer Stats

DescriptionCanada and...% Correct
Borders the previous answerMexico
100%
Home to Niagara FallsUnited States
86%
Northernmost (including overseas territories)Denmark
82%
Northernmost (excluding overseas territories)Russia
82%
#1 trading partner of the United States in terms of either imports or exportsChina
77%
Has a population over 10 million, but is among the 10 least densely populatedAustralia
73%
Borders only one other country; that country begins with UIreland
59%
Its biggest city starts with T and ends with OJapan
55%
A non-island country in the Americas that has no Spanish-speaking neighborsSuriname
50%
St. John's is the capital of one of its first-level subdivisionsAntigua and Barbuda
32%
Six-letter country starting with CCyprus
32%
Has a mountain with more than 5000m of prominence that is not one of the Seven SummitsColombia
27%
Former British territory that took its current shape in the 20th century when it united with an island off its east coast, which was also a British territoryTanzania
27%
Victoria is the capital of one of its first-level subdivisionsMalta
9%
Its capital is within 0.5 degrees of 45°N—halfway between the equator and the North PoleSerbia
9%

Score Distribution

Percentile by Number Answered

Percent of People with Each Score

Your Score History

You have not taken this quiz